00851nam a2200193 a 450000100100000000500170001000800410002704000250006808200150009310000530010824501140016126000790027530000200035450400300037404900090040495201130041395201140052699900170064000002896620260521073716.0110412s2006 dr a 000 0 spa d aDO-SdBNPbspacBNPHU axxxbS225a1 aSang, Mu-Kien A. d1955-q(Mu-Kien Adriana)933110aAutoridad y participación :bintroduccion a la práctica de las políticas públicas /cMiguel Sang Ben. aSanto Domingo :bConsorcio de Educación Cívica,c2006.fEditora Búho a39 p. ;c22 cm. aBibliografía : p. 37-39 aBNPD 0010718PDaPDbPDcHDd2011-04-12iLF1l0oxxx S225ap28966-10r2020-06-25w2020-06-25yLFPDZNo se presta 00107-18PDaPDbPDcOId2013-07-15iLF1l0oxxx S225ap28966-20r2020-06-25w2020-06-25yLFPDZNo se presta c28458d28458